A perbeli képviselet és az ügyvédek

Elmentve itt :
Bibliográfiai részletek
Szerző: Várkonyi Tamás
További közreműködők: Juhászné Dr. Zvolenszki Anikó (Témavezető)
Dokumentumtípus: Szakdolgozat
Megjelent: 2006
Tárgyszavak:
Online Access:http://diploma.bibl.u-szeged.hu/30253
LEADER 00571nta a2200157 i 4500
001 dipl30253
005 20130314090833.0
008 110706s2006 hu om 0|| zxx d
040 |a SZTE Diploma Repozitórium  |b hun 
041 |a zxx 
100 1 |a Várkonyi Tamás 
245 1 2 |a A perbeli képviselet és az ügyvédek  |h [elektronikus dokumentum] /  |c Tamás Várkonyi 
260 |c 2006 
650 4 |a Jogi és igazgatási tanulmányok 
700 2 |a Juhászné Dr. Zvolenszki Anikó  |e ths 
856 4 0 |u http://diploma.bibl.u-szeged.hu/id/eprint/30253/1/2006_varkonyi_tamas.pdf  |z Dokumentum-elérés